| 000 | 00390nam a2200157Ia 4500 | ||
|---|---|---|---|
| 008 | 230917s9999||||xx |||||||||||||| ||und|| | ||
| 040 |
_e81112 _aMAIN |
||
| 041 | _aEnglish | ||
| 082 | _a346.086 I1G | ||
| 100 | _aIvamy, E R Hardy | ||
| 245 | 0 | _aGeneral principles of insurance law | |
| 250 | _a4th ed. | ||
| 260 |
_aLondon _bButterworths _c1979 |
||
| 300 | _axcvi, 891 p. | ||
| 942 | _cBK | ||
| 999 |
_c202770 _d202770 |
||